Sports Quiz

Random Sports Quiz
Score 0/51 Timer 12:00
1 Play Today
Goles Jugador % Correct
131Cristiano Ronaldo
99.2%
118Messi
97.6%
71Raul
95.1%
67Benzema
76.1%
48Ibrahimovic
74.6%
70Lewandowski
74.3%
26Luis Suarez
71.5%
46Thomas Muller
70.8%
34Gerd Muller
70.8%
50Henry
70.7%
36Neymar
68.8%
30Etoo
66.8%
44Drogba
64.8%
48Shevchenko
59.2%
56Van Nistelrooy
57.9%
40Agüero
56.8%
24Salah
55.8%
49Di Stefano
54.4%
35Cavani
53.7%
36Puskas
52.6%
42Del Piero
51.7%
30Rooney
47.9%
24Figo
47.5%
31Robben
46.4%
46Inzaghi
44.1%
33Morientes
44.1%
Goles Jugador % Correct
46Eusebio
43.9%
28Giggs
42.8%
24Higuain
41.8%
27Rivaldo
39.5%
22Dzeko
35.7%
25Van Persie
32.2%
30Kaka
32.2%
30Gento
28.8%
29Trezeguet
28.6%
24Griezmann
28.5%
22Di Maria
27.6%
29Kluivert
27.5%
23Lampard
25.8%
25Crespo
23.7%
23Litmanen
21.8%
29Makaay
14.7%
26Mario Gomez
14.2%
22Santillana
14%
24Scholes
13.3%
28Papin
11.3%
25Elber
10.3%
25Jardel
9.2%
24Simone
5.1%
24Altafini
4.2%
24Jose Augusto
3.7%
Remove Ads.
Support Sporcle.
Get the best of Sporcle when you Go Orange. This ad-free experience offers more features, more stats, and more fun while also helping to support Sporcle. Thank you for becoming a member.

You're not logged in!

Compare scores with friends on all Sporcle quizzes.
OR
Log In

Show Comments

Extras

Top Quizzes Today


Score Distribution

Your Account Isn't Verified!

In order to create a playlist on Sporcle, you need to verify the email address you used during registration. Go to your Sporcle Settings to finish the process.

Report this User

Report this user for behavior that violates our Community Guidelines.

Details: